Pashatyar rajnaitik chintadhara (Record no. 6128)
[ view plain ]
| 000 -LEADER | |
|---|---|
| fixed length control field | 00545cam a2200217ua 4500 |
| 008 - FIXED-LENGTH DATA ELEMENTS--GENERAL INFORMATION | |
| fixed length control field | 150623n ii |||gr||||Z||||||asm |
| 040 ## - CATALOGING SOURCE | |
| Transcribing agency | MAIN |
| 041 ## - LANGUAGE CODE | |
| -- | asm |
| 082 ## - DEWEY DECIMAL CLASSIFICATION NUMBER | |
| Classification number | 324 |
| 100 ## - MAIN ENTRY--PERSONAL NAME | |
| Personal name | Das, M.N., |
| Relator term | |
| 245 ## - TITLE STATEMENT | |
| Title | Pashatyar rajnaitik chintadhara |
| Statement of responsibility, etc. | By M.N. Das |
| 250 ## - EDITION STATEMENT | |
| Edition statement | 1st. |
| 260 ## - PUBLICATION, DISTRIBUTION, ETC. | |
| Place of publication, distribution, etc. | Jorhat: |
| Name of publisher, distributor, etc. | Bidya bhawan, |
| Date of publication, distribution, etc. | 2011. |
| 300 ## - PHYSICAL DESCRIPTION | |
| Extent | 332p. |
| 700 ## - ADDED ENTRY--PERSONAL NAME | |
| Personal name | Gohain, Nabin, |
| Relator term | |
| 700 ## - ADDED ENTRY--PERSONAL NAME | |
| Personal name | Das, Deepan, |
| Relator term | |
| 942 ## - ADDED ENTRY ELEMENTS (KOHA) | |
| Koha item type | Books |
| 653 ## - INDEX TERM--UNCONTROLLED | |
| Uncontrolled term | The political process |
| 653 ## - INDEX TERM--UNCONTROLLED | |
| Uncontrolled term | Western political thought |
| Withdrawn status | Lost status | Damaged status | Not for loan | Home library | Current library | Shelving location | Date acquired | Total Checkouts | Full call number | Barcode | Date last seen | Copy number | Price effective from | Koha item type | Date last checked out |
|---|---|---|---|---|---|---|---|---|---|---|---|---|---|---|---|
| Central Library, Naharkatiya College | Central Library, Naharkatiya College | General Stacks | 19/09/2020 | 324.11 | DAS | 21425 | 19/09/2020 | 2 | 19/09/2020 | Books | ||||||
| Central Library, Naharkatiya College | Central Library, Naharkatiya College | General Stacks | 19/09/2020 | 324.11 | DAS | 21426 | 19/09/2020 | 1 | 19/09/2020 | Books | ||||||
| Central Library, Naharkatiya College | Central Library, Naharkatiya College | General Stacks | 19/09/2020 | 324.11 | DAS | 21427 | 19/09/2020 | 5 | 19/09/2020 | Books | ||||||
| Central Library, Naharkatiya College | Central Library, Naharkatiya College | General Stacks | 19/09/2020 | 324.11 | DAS | 22646 | 19/09/2020 | 4 | 19/09/2020 | Books | ||||||
| Central Library, Naharkatiya College | Central Library, Naharkatiya College | General Stacks | 19/09/2020 | 1 | 324.11 | DAS | 22647 | 18/02/2025 | 3 | 19/09/2020 | Books | 24/01/2025 |
